Prueba de Grecia - Estadísticas

Estadísticas generales
  • Esta prueba ha sido intentada 2.925 veces
  • La puntuación promedio es 20 de 32
Estadísticas de respuestas
Pista Respuesta % Correcto
Capital Atenas
99%
El escritor de "La Ilíada" Homero
87%
Dios del cielo y del trueno Zeus
82%
El templo más famoso Partenón
80%
Dios del mar Poseidón
79%
Diosa del amor y la belleza Afrodita
74%
Imperio del que Grecia se independizó, en 1830 Otomano
72%
Prefijo griego: Antropo Humano
71%
Conquistador de Persia Alejandro el Grande
70%
Dios del inframundo Hades
70%
¿Qué acogió Grecia en 1896 y 2004? Olimpiadas de Verano
70%
El héroe que completó doce trabajos Heracles
69%
Dios de la guerra Ares
68%
Nombra esta letra: Δ Delta
67%
La ciudad que ganó la Guerra del Peloponeso Esparta
67%
Diosa de la sabiduría Atenea
66%
Mar entre Grecia y Turquía Mar Egeo
66%
Isla - La civilización minoica Creta
65%
Prefijo griego: Bio Vida
63%
Isla - La estatua del coloso Rodas
60%
Prefijo griego: Astro Estrella
58%
Reino de donde vino ese conquistador Macedonia
58%
La ciudad del Oráculo Delfos
57%
Dijo "¡Eureka!" mientras se bañaba Arquímedes
48%
La península de Grecia Balcanes
44%
La musaca está hecha de este vegetal Berenjena
43%
Prefijo griego: Tele Distante
43%
Grecia en griego Hellas
37%
Moneda anterior Dracma
36%
Isla - El hogar de Odiseo Ítaca
34%
El magnate naviero que se casó con Jackie Kennedy Aristotle Onassis
33%
Isla - Lugar de nacimiento de la poetisa Safo Lesbos
33%
No se encontraron pruebas coincidentes
Distribución de puntuación
Porcentaje de gente con cada puntuación
Porcentaje por número respondido
Historial de tus puntuaciones
No has intentado esta prueba.